Statistics for Africa Geography by Letter - L

Click here to take the quiz!

General Stats

  • This quiz has been taken 117 times
  • The average score is 12 of 20

Answer Stats

HintAnswer% Correct
Country completely surrounded by South AfricaLesotho
99%
Country in North AfricaLibya
99%
Largest city in NigeriaLagos
98%
Only African country never to be colonized by a European countryLiberia
97%
This big cat is one of Africa's most famous animalslion
94%
Capital and largest city of AngolaLuanda
89%
Capital and largest city of ZambiaLusaka
88%
Capital and largest city of MalawiLilongwe
85%
Capital and largest city of TogoLomé
85%
Capital and largest city of GabonLibreville
79%
Largest city in the Canary IslandsLas Palmas
53%
River that flows through South Africa, Botswana, Zimbabwe, and MozambiqueLimpopo River
51%
Second largest city in DR Congo; located in the far southeastLubumbashi
47%
This facility in Ptolemaic Egypt was a famous centre of knowledge in the ancient worldLibrary of Alexandria
36%
Language spoken by around 40 million people in Central AfricaLingala
14%
Ethnic group native to southern DR CongoLuba
13%
Second largest city in AngolaLubango
8%
Town in Ethiopia famous for its historic rock-cut churchesLalibela
7%
Conservation centre in southern NigeriaLekki Conservation Centre
6%
Desert in Senegal with orange sand dunesLompoul
5%

Score Distribution

Percentile by Number Answered

Percent of People with Each Score

Your Score History

You have not taken this quiz